000
00329nam a2200133Ia 4500
005
20251222144821.0
008
251222s9999||||xx |||||||||||||| ||spa||
020
_a
84-7080-973-3
082
_a
323.44/G26
100
_a
Garrigues Walker, Joaquín
245
0
_a
Qué es el liberalismo?
264
_b
La Gaya Ciencia
942
_c
LIB
999
_c
20497
_d
20497